Daň z motorových vozidiel a jej správna aplikácia

Jednou z daní, s ktorou je potrebné sa vysporiadať hneď na začiatku roka - do 31. januára, je daň z motorových vozidiel

Enregistré dans:
Détails bibliographiques
Auteur principal: Fülöpová, Jana
Format: Chapitre de livre
Langue:slovaque
Sujets:
Tags: Ajouter un tag
Pas de tags, Soyez le premier à ajouter un tag!

MARC

LEADER 00000naa a2200000 4500
001 0289821
005 20240417075222.7
041 0 |a slo 
044 |a SK 
245 1 0 |a Daň z motorových vozidiel a jej správna aplikácia  |c Jana Fülöpová 
520 |a Jednou z daní, s ktorou je potrebné sa vysporiadať hneď na začiatku roka - do 31. januára, je daň z motorových vozidiel 
610 2 0 |a dane 
610 2 0 |a dane z vozidiel motorových 
610 2 0 |a právo 
610 2 0 |a legislatíva 
610 2 0 |a zákony 
100 1 |a Fülöpová, Jana